Statistics for Hispanic/Latino Countries and Territories

Click here to take the quiz!

General Stats

  • This quiz has been taken 78 times
  • The average score is 32 of 45

Answer Stats

Answer% Correct
HispanicArgentina
93%
LatinoArgentina
93%
LatinoChile
91%
HispanicChile
91%
LatinoColombia
91%
HispanicColombia
91%
LatinoBrazil
88%
LatinoMexico
88%
HispanicMexico
88%
HispanicUruguay
88%
LatinoUruguay
88%
LatinoDominican Republic
86%
HispanicDominican Republic
86%
LatinoPeru
86%
HispanicPeru
86%
HispanicSpain
86%
HispanicVenezuela
84%
LatinoVenezuela
84%
LatinoParaguay
82%
HispanicParaguay
82%
LatinoCosta Rica
80%
LatinoEl Salvador
80%
HispanicEl Salvador
80%
LatinoBolivia
79%
HispanicBolivia
79%
HispanicEcuador
79%
LatinoEcuador
79%
LatinoCuba
77%
HispanicHonduras
71%
LatinoHonduras
71%
HispanicPanama
71%
LatinoPanama
71%
LatinoNicaragua
70%
HispanicNicaragua
70%
LatinoGuatemala
68%
HispanicGuatemala
68%
LatinoPuerto Rico
66%
HispanicPuerto Rico
66%
LatinoHaiti
52%
LatinoFrench Guiana
50%
HispanicEquatorial Guinea
29%
LatinoMartinique
13%
LatinoGuadeloupe
11%
LatinoSaint Barthélemy
5%
LatinoSaint Martin
5%

Score Distribution

Percentile by Number Answered

Percent of People with Each Score

Your Score History

You have not taken this quiz